000 00870nam a2200217Ia 4500
001 18436
005 20260324164944.0
008 260306s9999||||xx |||||||||||||| ||und||
041 _aESP
082 _a658.404
_bG44 2017
100 _aGido, Jack
_eAUT
245 0 _aAdministración exitosa de proyectos
260 _c2018
300 _axxix, 521 páginas :
_c27 cm.
650 _aGEN
654 _aCAN
856 _uhttps://itmsp.museknowledge.com/UCSP?url=https://www.ebooks7-24.com:443/?il=4644&pg=1
_zVersión digital
856 _uhttps://0u213su22-y-https-ebooks7--24-com.itmsp.museknowledge.com/biblioteca.aspx?t=879F3E11-6760-4FE5-9156-07D170231047
_zVéase además: Base de datos Ebook7-24
856 _uhttps://0u20ysu49-y-https-www-bibliotechnia-com-mx.itmsp.museknowledge.com/
_zVéase además: Base de datos BiblioTechnia
942 _cLIB
_dJUS
_fJUS
_2ddc
999 _c18436
_d18436